000 00480 a2200205 4500
260 _aNairobi.
711 _d14-20 November 1982
711 _cNairobi, KENYA.
260 _bELC.
245 _aAfforestation in rural development in Eastern Africa.
300 _a66p.
260 _c1982
300 _bIll.
130 _lEn.
710 _aEnvironment Liaison Centre:(E.L.C.)
710 _aUNESCO.
711 _aReport of the Seminaron.
999 _c26658
_d26658